[Event "Moscow-ch final"]
[Site "Moscow"]
[Date "2019.04.02"]
[Round "4"]
[White "Kudryaev, Ivan Petrovich"]
[Black "Alekseev, Mikhail1"]
[Result "0-1"]
[WhiteElo "1667"]
[BlackElo "1879"]
[PlyCount "110"]
[EventDate "2019.03.30"]
[EventType "swiss"]
[EventRounds "9"]
[EventCountry "RUS"]
[SourceTitle "CBM 189 Extra"]
[Source "ChessBase"]
[SourceDate "2019.05.31"]
[SourceVersion "1"]
[SourceVersionDate "2019.05.31"]
[SourceQuality "1"]

1. d4 Nf6 2. Nf3 g6 3. c4 Bg7 4. Nc3 d5 5. g3 0-0 6. Bg2 c6 7. 0-0 Nbd7 8. cxd5 Nxd5 9. Nxd5 cxd5 10. Bf4 Qb6 11. Qd2 Nf6 12. Ne5 Bf5 13. Rfc1 Rfc8 14. e3 Ne4 15. Bxe4 Bxe4 16. f3 Bxe5 17. fxe4 Bxf4 18. gxf4 dxe4 19. Rc2 Rxc2 20. Qxc2 Qe6 21. Rc1 h5 22. b3 h4 23. Qe2 Rc8 24. Rxc8+ Qxc8 25. Kg2 Qf5 26. h3 Qa5 27. Qc2 Kg7 28. Qxe4 Qxa2+ 29. Kf3 Qxb3 30. Qe5+ Kg8 31. Qxe7 Qd5+ 32. Kf2 a5 33. Ke1 Qh1+ 34. Kf2 Qxh3 35. Qe8+ Kg7 36. Qe5+ Kh7 37. Qe8 Kg7 38. Qe5+ Kh7 39. Qxa5 Qh2+ 40. Kf3 h3 41. Qg5 Qh1+ 42. Kf2 h2 43. d5 Qe4 44. Qh4+ Kg7 45. Qxh2 Qxd5 46. Qg1 b5 47. Qa1+ Kh7 48. Qb2 Qc4 49. Ke1 Qd5 50. Qh2+ Kg8 51. Qd2 Qxd2+ 52. Kxd2 f5 53. Kc3 Kf7 54. Kb4 Ke6 55. Kxb5 Kd5 0-1

[Event "Moscow-ch final"]
[Site "Moscow"]
[Date "2019.04.01"]
[Round "3"]
[White "Tarasov, Danila"]
[Black "Kudryaev, Ivan Petrovich"]
[Result "1-0"]
[WhiteElo "1934"]
[BlackElo "1667"]
[PlyCount "127"]
[EventDate "2019.03.30"]
[EventType "swiss"]
[EventRounds "9"]
[EventCountry "RUS"]
[SourceTitle "CBM 189 Extra"]
[Source "ChessBase"]
[SourceDate "2019.05.31"]
[SourceVersion "1"]
[SourceVersionDate "2019.05.31"]
[SourceQuality "1"]

1. e4 c5 2. d4 cxd4 3. c3 Nf6 4. e5 Nd5 5. Nf3 d6 6. Bc4 e6 7. cxd4 Be7 8. 0-0 0-0 9. Qe2 b6 10. Qe4 Bb7 11. Bd3 g6 12. Bh6 Re8 13. Nbd2 Bc6 14. Qg4 Nb4 15. Bb1 Nd7 16. h4 dxe5 17. dxe5 Nf8 18. h5 Nd3 19. Qc4 Bxf3 20. Nxf3 Nb4 21. a3 Rc8 22. Qe4 Nc6 23. Ba2 Kh8 24. g3 gxh5 25. Bxf8 Bxf8 26. Bb1 f5 27. exf6 Rc7 28. f7 Rxf7 29. Qxc6 Bg7 30. Be4 Bxb2 31. Rad1 Qe7 32. a4 Bf6 33. Kg2 Rg8 34. Rh1 h4 35. Rh3 h6 36. Rdh1 Qc5 37. Qxc5 bxc5 38. Nxh4 Bd4 39. Nf3 Bg7 40. Rc1 Rc7 41. Rh5 c4 42. Nh4 Bf8 43. Ng6+ Kg7 44. Nxf8 Rxf8 45. Rc3 Rb8 46. Rb5 Rxb5 47. axb5 Rc5 48. Kf3 Kf6 49. Kf4 Rxb5 50. Rxc4 a5 51. Rc6 a4 52. Ra6 Rb4 53. Ke3 Rb3+ 54. Kd4 Rb4+ 55. Kd3 Rb2 56. f3 h5 57. Rxa4 Rg2 58. Ra5 Rxg3 59. Rxh5 e5 60. Rh6+ Ke7 61. Bd5 Kd7 62. Ke4 Rg5 63. Re6 Rg1 64. Rxe5 1-0

[Event "Moscow-ch final"]
[Site "Moscow"]
[Date "2019.03.30"]
[Round "1"]
[White "Volodin, Viktor Nikolaevich"]
[Black "Kudryaev, Ivan Petrovich"]
[Result "1-0"]
[WhiteElo "2191"]
[BlackElo "1667"]
[PlyCount "77"]
[EventDate "2019.03.30"]
[EventType "swiss"]
[EventRounds "9"]
[EventCountry "RUS"]
[SourceTitle "CBM 189 Extra"]
[Source "ChessBase"]
[SourceDate "2019.05.31"]
[SourceVersion "1"]
[SourceVersionDate "2019.05.31"]
[SourceQuality "1"]

1. Nf3 c5 2. c4 Nc6 3. d4 cxd4 4. Nxd4 g6 5. e4 Bg7 6. Be3 Qa5+ 7. Nc3 Nf6 8. f3 0-0 9. Be2 a6 10. Nb3 Qd8 11. 0-0 d6 12. Qd2 Be6 13. Nd5 Nd7 14. Nf4 Bh6 15. Kh1 Bg7 16. Rac1 Rc8 17. Nxe6 fxe6 18. f4 Nf6 19. Bf3 a5 20. Rfd1 a4 21. Nd4 Nxd4 22. Bxd4 e5 23. fxe5 dxe5 24. Be3 Qxd2 25. Rxd2 b5 26. c5 Rc6 27. Kg1 h5 28. h3 Kh7 29. g4 h4 30. Kg2 Rfc8 31. g5 Nh5 32. Bxh5 gxh5 33. Rd7 R8c7 34. Rxc7 Rxc7 35. c6 e6 36. Bb6 Rc8 37. c7 Bf8 38. Rd1 Be7 39. Rd7 1-0